|
|
|
|
| LEADER |
00000cam a2200000 a 4500 |
| 001 |
vtls001116720 |
| 003 |
SK-MaSNL |
| 005 |
20260301183039.0 |
| 008 |
250313s1979 xo a e n 000 0 slo |
| 015 |
|
|
|a SNBA1979
|
| 035 |
|
|
|a SNK000059563
|
| 035 |
|
|
|a urn:nbn:sk:snk-amju9o
|
| 035 |
|
|
|a urn:nbn:sk:snk-am0085nb
|
| 035 |
|
|
|a 32F0FB53-04C0-41C1-BC2F-8E6AD425B4CA
|
| 040 |
|
|
|a SNK
|b slo
|c SNK
|e AACR2
|
| 041 |
0 |
|
|a slo
|
| 044 |
|
|
|a xo
|c SK
|
| 080 |
|
|
|a 51(075.8)
|2 1981
|
| 100 |
1 |
|
|a Selvek, Anton
|4 aut
|9 349267
|
| 245 |
1 |
0 |
|a Matematika pre poslucháčov MECH a MELIO
|n 1. časť
|c Anton Selvek, Štefan Novotný, Pavol Híc
|
| 250 |
|
|
|a 2. nezm. vyd.
|
| 260 |
|
|
|a Bratislava
|b Príroda
|c 1979
|
| 300 |
|
|
|a 391 s.
|b grafy, sch., tab.
|c 29 cm
|
| 366 |
|
|
|e 600 výtl.
|
| 500 |
|
|
|a Vydané pre VŠP v Nitre
|
| 504 |
|
|
|a Bibliogr. odkazy
|
| 650 |
0 |
7 |
|a matematika
|2 SNKPH
|9 70174
|
| 655 |
|
7 |
|a učebnice vysokých škôl
|2 SNKPH
|9 70191
|
| 700 |
1 |
|
|a Novotný, Štefan,
|d 1933-2020
|4 aut
|9 253647
|
| 700 |
1 |
|
|a Híc, Pavel,
|d 1948-2016
|4 aut
|9 7712
|
| 710 |
2 |
|
|a Vysoká škola poľnohospodárska v Nitre
|4 pbl
|9 165743
|
| 852 |
|
|
|a Slovenská národná knižnica
|
| 954 |
|
|
|a odborná, vedecká literatúra pôvodná (slovenská)
|2 lita
|
| 958 |
|
|
|a OND
|
| 958 |
|
|
|a NB
|
| 999 |
|
|
|c 855683
|d 857613
|
| 952 |
|
|
|a SNK
|b SNK
|y PREZ
|7 0
|p 17A0972429
|o snkSB 28799/1
|i snkKSP 5991/79
|0 0
|1 0
|4 0
|d 2012-07-30
|f 1
|l 0
|r 2026-02-24 04:55:35
|w 2026-02-24
|
| 952 |
|
|
|t P60, <04>, [BOOK], {604}
|a SNK
|b SNK
|y VYP
|7 0
|p 17A0010890
|o snkSB 28799/1 D1
|i snkKSP 5992/79
|0 0
|1 0
|4 0
|d 1996-09-26
|l 0
|r 2004-12-31 00:00:00
|w 2026-02-24
|